Apuntes sobre la evolución del empleo industrial en el período 1973-1984 (Registro nro. 16497)

Detalles MARC
000 -LEADER
fixed length control field 00399 a2200121 4500
001 - CONTROL NUMBER
control field ART_3550
005 - DATE AND TIME OF LATEST TRANSACTION
control field 20260410161716.0
008 - FIXED-LENGTH DATA ELEMENTS--GENERAL INFORMATION
fixed length control field 260409a
100 1# - MAIN ENTRY--PERSONAL NAME
Personal name Beccaria, Luis A.
245 10 - TITLE STATEMENT
Title Apuntes sobre la evolución del empleo industrial en el período 1973-1984
700 1# - ADDED ENTRY--PERSONAL NAME
Personal name Yoguel, Gabriel
773 0# - HOST ITEM ENTRY
Title Desarrollo económico
Related parts - Vol. 27, Nº 108 (ene./mar. 1988)
Record control number REV1174

No hay ítems disponibles.